| 000 | 00376nam a2200157Ia 4500 | ||
|---|---|---|---|
| 005 | 20250423101635.0 | ||
| 008 | 250422s9999 xx 000 0 und d | ||
| 020 | _a1884083609 | ||
| 050 | _aR 834.5 .U86/ | ||
| 245 | 0 | _aUSMLE step 2 : clinical sciences booklet 4 | |
| 260 | _aChile | ||
| 260 | _bMaval Medical Education | ||
| 260 | _c1995 | ||
| 300 | _a62 p | ||
| 942 | _cBK | ||
| 999 |
_c36843 _d36843 |
||